[Event "Titled Tue 10th Jun Early"]
[Site "chess.com INT"]
[Date "2025.06.10"]
[Round "2"]
[White "Gonzalez Menendez, Ivan"]
[Black "Atakhan, Abtin"]
[Result "0-1"]
[WhiteTitle "FM"]
[BlackTitle "IM"]
[WhiteElo "2382"]
[BlackElo "2388"]
[WhiteFideId "2226316"]
[BlackFideId "22502203"]
[EventDate "2025.06.10"]

1. e4 c5 2. Nc3 Nc6 3. Nf3 g6 4. d4 cxd4 5. Nxd4 Bg7 6. Be3 Nf6 7. Bc4 Qa5 8.
Nb3 Qb4 9. Bd3 Nxe4 10. O-O Nxc3 11. bxc3 Qxc3 12. Qf3 d6 13. Rad1 O-O 14. Be4
Be6 15. Rd3 Ne5 0-1

[Event "Titled Tue 10th Jun Early"]
[Site "chess.com INT"]
[Date "2025.06.10"]
[Round "2"]
[White "Khumalo, Keith"]
[Black "Bortnyk, Olexandr"]
[Result "0-1"]
[WhiteTitle "CM"]
[BlackTitle "GM"]
[WhiteElo "2171"]
[BlackElo "2601"]
[WhiteFideId "14319470"]
[BlackFideId "14120828"]
[EventDate "2025.06.10"]

1. d4 Nf6 2. c4 b6 3. Nc3 Bb7 4. d5 e5 5. a3 a5 6. e4 Bc5 7. Bd3 O-O 8. Rb1 Na6
9. h3 Ne8 10. Nge2 Nd6 11. Ng3 Qh4 12. Bd2 f5 13. exf5 Bxf2+ 14. Kxf2 Nxf5 15.
Re1 Qxg3+ 16. Kg1 Qxd3 0-1

[Event "Titled Tue 10th Jun Early"]
[Site "chess.com INT"]
[Date "2025.06.10"]
[Round "2"]
[White "Slovineanu, Viacheslav"]
[Black "Ambartsumian, Tyhran"]
[Result "1-0"]
[WhiteTitle "IM"]
[BlackTitle "CM"]
[WhiteElo "2412"]
[BlackElo "2244"]
[WhiteFideId "13900510"]
[BlackFideId "34161112"]
[EventDate "2025.06.10"]

1. d4 Nf6 2. Nf3 g6 3. Nbd2 d5 4. e3 Bg7 5. b4 O-O 6. c4 dxc4 7. Nxc4 Nbd7 8.
Bb2 Nb6 9. a4 Nxc4 10. Bxc4 a6 11. O-O b6 12. b5 Bb7 13. Ne5 axb5 14. axb5 Rxa1
15. Qxa1 Qa8 16. Qxa8 Rxa8 17. Bxf7+ Kf8 18. Be6 Ra2 19. Bxa2 1-0

[Event "Titled Tue 10th Jun Early"]
[Site "chess.com INT"]
[Date "2025.06.10"]
[Round "2"]
[White "Sargsyan, Shant"]
[Black "Zhou, Yuxu"]
[Result "1-0"]
[WhiteTitle "GM"]
[BlackTitle "CM"]
[WhiteElo "2669"]
[BlackElo "2113"]
[WhiteFideId "13306766"]
[BlackFideId "8626421"]
[EventDate "2025.06.10"]

1. c4 c6 2. Nf3 d5 3. e3 Nf6 4. Nc3 g6 5. d4 Bg7 6. Be2 O-O 7. O-O dxc4 8. Bxc4
Bg4 9. h3 Bxf3 10. Qxf3 Nbd7 11. Rd1 Qc7 12. e4 e5 13. d5 cxd5 14. Bxd5 Nxd5 15.
Nxd5 Qd8 16. Bd2 Nb6 17. Bb4 Nxd5 18. Bxf8 Qxf8 19. Rxd5 Rd8 1-0

[Event "Titled Tue 10th Jun Early"]
[Site "chess.com INT"]
[Date "2025.06.10"]
[Round "2"]
[White "Labussiere, Victor"]
[Black "Hury, Tymoteusz"]
[Result "1-0"]
[WhiteTitle "FM"]
[BlackTitle "CM"]
[WhiteElo "2312"]
[BlackElo "2115"]
[WhiteFideId "2183129"]
[BlackFideId "21839328"]
[EventDate "2025.06.10"]

1. c4 e6 2. Nf3 f5 3. g3 Nf6 4. Bg2 g6 5. O-O Bg7 6. d4 O-O 7. Nc3 d5 8. Bf4 c6
9. c5 h6 10. Qc1 g5 11. Bd6 Re8 12. Ne5 Nbd7 13. f3 b6 14. Nxc6 1-0

[Event "Titled Tue 10th Jun Early"]
[Site "chess.com INT"]
[Date "2025.06.10"]
[Round "2"]
[White "Panin, Mikhail"]
[Black "Samunenkov, Ihor"]
[Result "0-1"]
[WhiteTitle "CM"]
[BlackTitle "GM"]
[WhiteElo "2255"]
[BlackElo "2562"]
[WhiteFideId "34164992"]
[BlackFideId "14187086"]
[EventDate "2025.06.10"]

1. Nf3 d5 2. b3 c5 3. e3 Nf6 4. Bb2 g6 5. c4 dxc4 6. Bxc4 Bg7 7. O-O O-O 8. d4
cxd4 9. Nxd4 Bd7 10. Nc3 Nc6 11. Nxc6 Bxc6 12. Qe2 Qa5 13. a3 Qg5 14. f4 Qg4 15.
Rfd1 Rfd8 16. b4 Qxe2 17. Nxe2 Ng4 18. b5 0-1

[Event "Titled Tue 10th Jun Early"]
[Site "chess.com INT"]
[Date "2025.06.10"]
[Round "2"]
[White "Alonso, Raphael V. P. Patricio"]
[Black "Srihari, L R"]
[Result "0-1"]
[BlackTitle "IM"]
[WhiteElo "2130"]
[BlackElo "2480"]
[WhiteFideId "2108585"]
[BlackFideId "46617116"]
[EventDate "2025.06.10"]

1. Nf3 c5 2. e3 Nc6 3. b3 e5 4. Bb2 e4 5. Ne5 Nf6 6. Nxc6 dxc6 7. d3 Bf5 8. Nc3
Bd6 9. dxe4 Nxe4 10. Qf3 Be5 11. Qxf5 Qd2# 0-1

[Event "Titled Tue 10th Jun Early"]
[Site "chess.com INT"]
[Date "2025.06.10"]
[Round "2"]
[White "Ambartsumova, Karina"]
[Black "Petersson, Kjell"]
[Result "1-0"]
[WhiteTitle "IM"]
[BlackTitle "CM"]
[WhiteElo "2403"]
[BlackElo "2068"]
[WhiteFideId "4166299"]
[BlackFideId "1705148"]
[EventDate "2025.06.10"]

1. Nf3 f5 2. d4 Nf6 3. g3 e6 4. Bg2 d5 5. c4 c6 6. Nc3 Bd6 7. Bf4 Bxf4 8. gxf4
O-O 9. Qb3 Kh8 10. O-O-O Ne4 11. Rhf1 a5 12. e3 Na6 13. Nxe4 fxe4 14. Ne5 Bd7
15. f3 exf3 16. Rxf3 Be8 17. Rh3 b5 18. Qc2 bxc4 19. Qxh7# 1-0

[Event "Titled Tue 10th Jun Early"]
[Site "chess.com INT"]
[Date "2025.06.10"]
[Round "2"]
[White "Tahmasebi, Hamidreza"]
[Black "Goldbeck, Lars"]
[Result "1-0"]
[WhiteTitle "FM"]
[BlackTitle "FM"]
[WhiteElo "2298"]
[BlackElo "2391"]
[WhiteFideId "12537527"]
[BlackFideId "16208188"]
[EventDate "2025.06.10"]

1. e4 c6 2. d4 d5 3. Nc3 dxe4 4. Nxe4 Nf6 5. Nxf6+ exf6 6. Bc4 Na6 7. Qe2+ Be7
8. Bxa6 bxa6 9. Nf3 O-O 10. O-O Bg4 11. Be3 Re8 12. h3 Bh5 13. Rfd1 Qc7 14. c4
Rab8 15. b3 f5 16. d5 Bf6 17. d6 Qd7 18. Qd3 Bxa1 19. Rxa1 Bxf3 20. gxf3 Rbd8
21. c5 Re6 22. Qxa6 Rg6+ 23. Kh2 f4 24. Bxf4 Rh6 25. Bxh6 gxh6 26. Rg1+ Kf8 27.
Qa5 Qf5 28. Qxd8# 1-0

[Event "Titled Tue 10th Jun Early"]
[Site "chess.com INT"]
[Date "2025.06.10"]
[Round "2"]
[White "Gnechko, Ruslan"]
[Black "Vakhlamov, Igor L."]
[Result "0-1"]
[BlackTitle "FM"]
[WhiteElo "2132"]
[BlackElo "2413"]
[WhiteFideId "14135868"]
[BlackFideId "24126748"]
[EventDate "2025.06.10"]

1. Nf3 d5 2. b3 Nf6 3. Bb2 e6 4. e3 Be7 5. Be2 O-O 6. O-O c5 7. c4 Nc6 8. cxd5
exd5 9. d4 Ne4 10. dxc5 Bxc5 11. Nbd2 Be6 12. Rc1 Bb6 13. a3 Qe7 14. b4 a6 15.
Nb3 Rad8 16. Nbd4 Nxd4 17. Bxd4 Bc7 18. Qb3 Rfe8 19. Rfd1 Bb8 20. Qb2 f6 21. Bb6
Rc8 22. Rxc8 Rxc8 23. Nd4 Qd6 24. Bf3 Qxh2+ 25. Kf1 Nc3 26. Qxc3 Rxc3 27. Nxe6
Rc2 0-1

[Event "Titled Tue 10th Jun Early"]
[Site "chess.com INT"]
[Date "2025.06.10"]
[Round "2"]
[White "Kopczynski, Michal"]
[Black "Sturt, Raven"]
[Result "0-1"]
[WhiteTitle "CM"]
[BlackTitle "GM"]
[WhiteElo "2225"]
[BlackElo "2459"]
[WhiteFideId "1124200"]
[BlackFideId "2007304"]
[EventDate "2025.06.10"]

1. e4 e5 2. d4 exd4 3. c3 d5 4. exd5 Qxd5 5. cxd4 Nc6 6. Nf3 Bg4 7. Be2 Bb4+ 8.
Nc3 Bxf3 9. Bxf3 Qc4 10. Bxc6+ Qxc6 11. O-O Ne7 12. d5 Qd7 13. Qb3 Bxc3 14. bxc3
O-O 15. c4 Rab8 16. Bb2 b5 17. Qg3 Nf5 18. Qg4 bxc4 19. Bxg7 h5 20. Qxh5 Nxg7
21. Qg5 Rb5 22. Rad1 Rd8 23. Rfe1 Rxd5 24. Rxd5 Qxd5 25. Re8+ Rxe8 26. Qxd5 Re1# 0-1

[Event "Titled Tue 10th Jun Early"]
[Site "chess.com INT"]
[Date "2025.06.10"]
[Round "2"]
[White "Sihite, Chelsie Monica Ignesias"]
[Black "Osinovsky, Stepan"]
[Result "1-0"]
[WhiteTitle "WIM"]
[BlackTitle "FM"]
[WhiteElo "2223"]
[BlackElo "2240"]
[WhiteFideId "7101198"]
[BlackFideId "4157354"]
[EventDate "2025.06.10"]

1. e4 e5 2. Nf3 Nc6 3. Nc3 Nf6 4. Bb5 Bb4 5. O-O O-O 6. d3 d6 7. Bxc6 bxc6 8.
Ne2 h6 9. Ng3 d5 10. c3 Bd6 11. h3 a5 12. a4 Ba6 13. Re1 Rb8 14. exd5 cxd5 15.
Nxe5 Rb6 16. d4 c5 17. Nf5 cxd4 18. cxd4 Bb4 19. Re3 Ne4 20. Qg4 Rf6 21. Qxg7# 1-0

[Event "Titled Tue 10th Jun Early"]
[Site "chess.com INT"]
[Date "2025.06.10"]
[Round "2"]
[White "Wartiovaara, Oliver"]
[Black "Galchenko, Matvey"]
[Result "0-1"]
[WhiteTitle "FM"]
[BlackTitle "IM"]
[WhiteElo "2323"]
[BlackElo "2435"]
[WhiteFideId "513024"]
[BlackFideId "24175480"]
[EventDate "2025.06.10"]

1. e4 e6 2. Nf3 d5 3. e5 c5 4. b4 cxb4 5. a3 Nc6 6. d4 Bd7 7. Bd3 b5 8. O-O Qb6
9. Be3 a5 10. Ng5 Be7 11. Qg4 Nh6 12. Qh5 bxa3 13. Nxa3 Nb4 14. Bxh7 Bxg5 0-1

[Event "Titled Tue 10th Jun Early"]
[Site "chess.com INT"]
[Date "2025.06.10"]
[Round "2"]
[White "Gholami Orimi, Mahdi"]
[Black "Mattenberger, Matthias"]
[Result "1-0"]
[WhiteTitle "GM"]
[BlackTitle "FM"]
[WhiteElo "2511"]
[BlackElo "2286"]
[WhiteFideId "12558486"]
[BlackFideId "1339958"]
[EventDate "2025.06.10"]

1. d4 Nf6 2. Nf3 g6 3. Bf4 Bg7 4. Nc3 d5 5. e3 O-O 6. Nb5 Na6 7. h3 c6 8. Na3
Nc7 9. Be2 b5 10. O-O a5 11. b3 Ba6 12. c4 dxc4 13. bxc4 b4 14. Nb1 c5 15. Nbd2
Ne6 16. Be5 Ne8 17. d5 N6c7 18. Ne4 Nd6 19. Nxc5 Bxc4 20. Bxc4 Nxc4 21. Bxg7
Kxg7 22. Qd4+ 1-0

[Event "Titled Tue 10th Jun Early"]
[Site "chess.com INT"]
[Date "2025.06.10"]
[Round "2"]
[White "Rozman, Levy"]
[Black "Klys, Kacper"]
[Result "1-0"]
[WhiteTitle "IM"]
[WhiteElo "2324"]
[BlackElo "2218"]
[WhiteFideId "2039877"]
[BlackFideId "21005281"]
[EventDate "2025.06.10"]

1. d4 Nf6 2. Bg5 e6 3. e4 h6 4. Bxf6 Qxf6 5. Nc3 Bb4 6. Qd3 O-O 7. e5 Qe7 8.
O-O-O c5 9. f4 cxd4 10. Qxd4 Nc6 11. Qe4 d5 12. exd6 Bxd6 13. Bd3 g6 14. h4 h5
15. g4 hxg4 16. h5 f5 17. Qe3 gxh5 18. Rxh5 Qg7 19. Rg5 Bd7 20. Bxf5 Qxg5 21.
fxg5 1-0

[Event "Titled Tue 10th Jun Early"]
[Site "chess.com INT"]
[Date "2025.06.10"]
[Round "2"]
[White "Andrejevs, Arvids"]
[Black "Madi, Aidana"]
[Result "0-1"]
[WhiteTitle "CM"]
[BlackTitle "WFM"]
[WhiteElo "2165"]
[BlackElo "1899"]
[WhiteFideId "11602708"]
[BlackFideId "13722689"]
[EventDate "2025.06.10"]

1. g3 d5 2. Bg2 c5 3. c4 e6 4. cxd5 exd5 5. d4 Nc6 6. dxc5 Nf6 7. Nc3 d4 8. Na4
Bxc5 9. Nxc5 Qa5+ 10. Bd2 Qxc5 11. Rc1 Qb6 12. Nf3 O-O 13. O-O Qxb2 14. Bg5 Ne4
15. Qd3 Re8 16. Nxd4 Nxg5 17. Nxc6 bxc6 18. Bxc6 Bb7 19. Rb1 Bxc6 20. h4 Nh3+
21. Kh2 Qf6 22. Kxh3 Be4 0-1

[Event "Titled Tue 10th Jun Early"]
[Site "chess.com INT"]
[Date "2025.06.10"]
[Round "2"]
[White "Kahlert, Thomas"]
[Black "Williams, Simon K"]
[Result "1-0"]
[WhiteTitle "FM"]
[BlackTitle "GM"]
[WhiteElo "2074"]
[BlackElo "2444"]
[WhiteFideId "4625242"]
[BlackFideId "404454"]
[EventDate "2025.06.10"]

1. d4 e6 2. Nf3 f5 3. g3 Nf6 4. Bg2 d5 5. O-O Be7 6. c4 Ne4 7. Qc2 Nc6 8. b3 Bf6
9. Bb2 h5 10. h4 g5 11. hxg5 Bxg5 12. Nxg5 Qxg5 13. Qc1 Qg7 14. Qf4 h4 15. Nd2
Bd7 16. Nxe4 fxe4 17. Qxc7 Rc8 18. Qf4 Nxd4 19. Bxd4 Qxd4 20. Rad1 Qc5 21. cxd5
exd5 22. Qe5+ Kf7 23. Rxd5 Qe7 24. Qf4+ Ke8 25. Re5 Be6 26. Qxe4 Rc6 27. Qg6+
Kf8 28. Bxc6 1-0

[Event "Titled Tue 10th Jun Early"]
[Site "chess.com INT"]
[Date "2025.06.10"]
[Round "2"]
[White "Kravtsiv, Martyn"]
[Black "Kapra, Jerjis"]
[Result "1-0"]
[WhiteTitle "GM"]
[WhiteElo "2598"]
[BlackElo "2055"]
[WhiteFideId "14113147"]
[BlackFideId "2640341"]
[EventDate "2025.06.10"]

1. e4 e6 2. d4 d5 3. exd5 exd5 4. Nf3 Nc6 5. c3 Bd6 6. Bd3 Nge7 7. O-O Bg4 8. b3
Qd7 9. Na3 a6 10. Nc2 O-O 11. Ne3 Bh5 12. Ne5 Bxd1 13. Nxd7 Rfd8 14. Nf6+ gxf6
15. Rxd1 Ng6 16. Ng4 Be7 17. Nh6+ Kf8 18. g3 Kg7 19. h4 Bf8 20. h5 Nge7 21. Bf4
Rd7 22. Re1 Nc8 23. Ng4 Be7 24. Bf5 1-0

[Event "Titled Tue 10th Jun Early"]
[Site "chess.com INT"]
[Date "2025.06.10"]
[Round "2"]
[White "Gutman, Gennadi"]
[Black "Kilic, Eray"]
[Result "0-1"]
[WhiteTitle "GM"]
[BlackTitle "IM"]
[WhiteElo "2445"]
[BlackElo "2474"]
[WhiteFideId "14102277"]
[BlackFideId "44517173"]
[EventDate "2025.06.10"]

1. e4 e5 2. Nf3 d5 3. Nxe5 Bd6 4. d4 dxe4 5. Nc4 Nf6 6. c3 O-O 7. Bg5 h6 8. Bh4
Re8 9. Ne3 c6 10. Nd2 Nbd7 11. Ndc4 Bc7 12. d5 Nf8 13. d6 Bb6 14. Nxb6 axb6 15.
Bc4 Be6 16. O-O b5 17. Bb3 Bxb3 18. axb3 Rxa1 19. Qxa1 Qxd6 20. Rd1 Qe6 21. Qa7
Ng4 22. b4 Nxe3 23. Qxe3 Qg4 24. Rd4 Qxh4 25. f3 Ng6 26. fxe4 Qf4 27. Qe1 Qe5
28. g3 Kh7 29. Rd7 Re7 30. Rxe7 Qxe7 31. Qe3 Ne5 32. b3 Qd6 33. Kg2 Qd3 34. Qc5
Qxe4+ 35. Kh3 Nf3 36. Kg2 Nd4+ 37. Kh3 Qf5+ 38. Kg2 Qxc5 39. bxc5 Nxb3 0-1

[Event "Titled Tue 10th Jun Early"]
[Site "chess.com INT"]
[Date "2025.06.10"]
[Round "2"]
[White "Urbina Perez, Juan Antonio"]
[Black "Montejo Bello, Lorena Beatriz"]
[Result "1-0"]
[WhiteTitle "FM"]
[BlackTitle "WFM"]
[WhiteElo "2221"]
[BlackElo "2090"]
[WhiteFideId "2217368"]
[BlackFideId "3529045"]
[EventDate "2025.06.10"]

1. e4 e5 2. Nf3 Nc6 3. Bc4 Nf6 4. d3 Be7 5. O-O d6 6. Re1 O-O 7. a3 Na5 8. Ba2
c5 9. b4 Nc6 10. c3 b5 11. Nbd2 a5 12. bxc5 dxc5 13. Nf1 h6 14. Ne3 a4 15. Nd5
Bd6 16. Nxf6+ Qxf6 17. Bd5 Ra6 18. c4 b4 19. axb4 Nxb4 20. Ba3 Bg4 21. Re3 Bd7
22. Nd2 Rb8 23. Nb1 Qg6 24. Rg3 Qf6 25. Rf3 Qg6 26. Bxf7+ 1-0

[Event "Titled Tue 10th Jun Early"]
[Site "chess.com INT"]
[Date "2025.06.10"]
[Round "2"]
[White "Uraev, Ivan"]
[Black "Xiong, Jeffery"]
[Result "0-1"]
[WhiteTitle "FM"]
[BlackTitle "GM"]
[WhiteElo "2194"]
[BlackElo "2639"]
[WhiteFideId "4192443"]
[BlackFideId "2047640"]
[EventDate "2025.06.10"]

1. Nf3 c5 2. g3 Nc6 3. Bg2 g6 4. O-O Bg7 5. d3 d6 6. e4 e5 7. c3 Nge7 8. h4 h6
9. a3 a5 10. h5 g5 11. Nh2 f5 12. f4 exf4 13. gxf4 g4 14. exf5 Bxf5 15. Nxg4 Qd7
16. Ne3 Rg8 17. Nxf5 Qxf5 18. Qf3 Bf6 19. Kh1 Rg4 20. Bh3 Rh4 21. Kg2 Qh7 22.
Nd2 Kf7 23. Ne4 Rg8+ 24. Ng5+ Ke8 25. Qg3 hxg5 26. fxg5 Bxg5 27. Bxg5 Rxh5 0-1

[Event "Titled Tue 10th Jun Early"]
[Site "chess.com INT"]
[Date "2025.06.10"]
[Round "2"]
[White "Reprintsev, Alexander"]
[Black "Babayeva, Nasrin"]
[Result "1-0"]
[WhiteTitle "IM"]
[BlackTitle "WFM"]
[WhiteElo "2256"]
[BlackElo "1936"]
[WhiteFideId "14100541"]
[BlackFideId "13416626"]
[EventDate "2025.06.10"]

1. e4 e5 2. Nc3 Nc6 3. g3 Nf6 4. Bg2 Bb4 5. Nge2 O-O 6. O-O d6 7. h3 Be6 8. Kh2
d5 9. exd5 Nxd5 10. Nxd5 Bxd5 11. c3 Bxg2 12. Kxg2 Qd5+ 13. Kh2 Be7 14. f4 Bd6
15. fxe5 Nxe5 16. Nf4 Qc6 17. d4 Ng6 18. Qf3 Qxf3 19. Rxf3 Nxf4 20. Bxf4 Bxf4
21. Rxf4 Rfe8 22. Raf1 Re2+ 23. R1f2 Rxf2+ 24. Rxf2 Re8 25. Kg2 Kf8 26. Kf3 Ke7
27. Re2+ Kd7 28. Rxe8 Kxe8 29. Ke4 Kd7 30. c4 Ke6 31. d5+ Kd6 32. b4 b6 33. g4
a5 34. a3 axb4 35. axb4 g6 36. g5 c6 37. dxc6 Kxc6 38. Ke5 Kd7 39. Kf6 Ke8 40.
c5 1-0

[Event "Titled Tue 10th Jun Early"]
[Site "chess.com INT"]
[Date "2025.06.10"]
[Round "2"]
[White "De Sousa, Antonio Micaias Silva"]
[Black "Vagman, Roy"]
[Result "0-1"]
[BlackTitle "FM"]
[WhiteElo "2007"]
[BlackElo "2403"]
[WhiteFideId "22798528"]
[BlackFideId "2828995"]
[EventDate "2025.06.10"]

1. e4 g6 2. d4 Bg7 3. c4 c5 4. Nf3 b6 5. Nc3 Bb7 6. d5 d6 7. Qc2 Nd7 8. Be2 Ngf6
9. O-O a6 10. Rb1 b5 11. cxb5 axb5 12. Bxb5 O-O 13. a3 Qa5 14. b4 cxb4 15. axb4
Qc7 16. Bd3 Rfc8 17. Bb2 Ng4 18. Rfc1 Nde5 19. Nxe5 Bxe5 20. h3 Nf6 21. Qe2 Qb6
22. b5 Nh5 23. g3 Nxg3 24. Qf3 Nh5 25. Kh1 Nf4 26. Bf1 Rc5 27. Ne2 Nxe2 28. Bxe2
Bxb2 0-1

[Event "Titled Tue 10th Jun Early"]
[Site "chess.com INT"]
[Date "2025.06.10"]
[Round "2"]
[White "Praggnanandhaa, R"]
[Black "Sek, Konstantin"]
[Result "1-0"]
[WhiteTitle "GM"]
[BlackTitle "IM"]
[WhiteElo "2767"]
[BlackElo "2368"]
[WhiteFideId "25059530"]
[BlackFideId "24104302"]
[EventDate "2025.06.10"]

1. c4 c5 2. g3 Nf6 3. Bg2 d5 4. cxd5 Nxd5 5. Nc3 Nc7 6. b3 e5 7. Bb2 Be7 8. Rc1
f6 9. Nf3 Nc6 10. O-O O-O 11. e3 Bf5 12. d4 cxd4 13. exd4 exd4 14. Ne2 Be4 15.
Nexd4 Nxd4 16. Nxd4 Bxg2 17. Kxg2 Qd7 18. Qf3 Nb5 19. Nxb5 Qxb5 20. Rc7 Rf7 21.
Rxb7 Qe8 22. Re1 1-0

[Event "Titled Tue 10th Jun Early"]
[Site "chess.com INT"]
[Date "2025.06.10"]
[Round "2"]
[White "Arslanov, Shamil"]
[Black "Materia, Marco"]
[Result "0-1"]
[WhiteTitle "IM"]
[BlackTitle "IM"]
[WhiteElo "2410"]
[BlackElo "2489"]
[WhiteFideId "4192826"]
[BlackFideId "45150451"]
[EventDate "2025.06.10"]

1. d4 Nf6 2. f3 d5 3. e4 dxe4 4. Nc3 exf3 5. Nxf3 Bf5 6. Ne5 Nbd7 7. Qf3 e6 8.
Qxb7 Qb8 9. Qc6 Bd6 10. Bb5 Qc8 11. Bg5 Bxe5 12. dxe5 Ng4 13. O-O-O Nxe5 14. Qc5
f6 15. Rxd7 Nxd7 16. Rd1 c6 17. Bxc6 e5 18. Nd5 Kf7 19. Ne7 Nxc5 0-1

[Event "Titled Tue 10th Jun Early"]
[Site "chess.com INT"]
[Date "2025.06.10"]
[Round "2"]
[White "Lavorgna, Giovanni"]
[Black "Gkavardinas, Antonios"]
[Result "0-1"]
[WhiteTitle "CM"]
[BlackTitle "FM"]
[WhiteElo "1902"]
[BlackElo "2278"]
[WhiteFideId "11800100"]
[BlackFideId "25883097"]
[EventDate "2025.06.10"]

1. d4 g6 2. c4 Bg7 3. e4 c6 4. Nc3 d5 5. Nf3 dxe4 6. Nxe4 Bg4 7. Be3 Nd7 8. Be2
Ngf6 9. Ng3 O-O 10. h3 Bxf3 11. Bxf3 e5 12. d5 e4 13. Nxe4 Nxe4 14. Bxe4 Bxb2
15. O-O Bxa1 16. Qxa1 cxd5 17. Bxd5 Re8 18. Rd1 Qe7 19. Bh6 Qf6 20. Qb1 g5 21.
Qxb7 Ne5 0-1

[Event "Titled Tue 10th Jun Early"]
[Site "chess.com INT"]
[Date "2025.06.10"]
[Round "2"]
[White "Sobek, Jaroslav"]
[Black "Zong, Davis"]
[Result "1-0"]
[WhiteTitle "FM"]
[BlackTitle "FM"]
[WhiteElo "2195"]
[BlackElo "2242"]
[WhiteFideId "301388"]
[BlackFideId "30903955"]
[EventDate "2025.06.10"]

1. d4 d5 2. c4 c6 3. Nf3 Nf6 4. e3 e6 5. Nbd2 Be7 6. Bd3 O-O 7. O-O Nbd7 8. e4
dxe4 9. Nxe4 c5 10. Bg5 Nxe4 11. Bxe7 Qxe7 12. Bxe4 Nf6 13. Qe2 cxd4 14. Nxd4
Nxe4 15. Qxe4 Qc7 16. b3 Bd7 17. Rad1 e5 18. Nf3 Rfe8 19. Ng5 g6 20. Qh4 h5 21.
Ne4 Red8 22. Nf6+ Kg7 23. Qg5 Kf8 24. Qh6+ 1-0

[Event "Titled Tue 10th Jun Early"]
[Site "chess.com INT"]
[Date "2025.06.10"]
[Round "2"]
[White "Manukyan, Sargis A."]
[Black "Tsydypov, Zhamsaran"]
[Result "0-1"]
[WhiteTitle "FM"]
[BlackTitle "GM"]
[WhiteElo "2294"]
[BlackElo "2514"]
[WhiteFideId "13303970"]
[BlackFideId "4108566"]
[EventDate "2025.06.10"]

1. d4 g6 2. c4 Bg7 3. Nc3 c5 4. d5 d6 5. e4 e6 6. Nf3 Ne7 7. Be2 O-O 8. O-O a6
9. Re1 h6 10. Bd2 g5 11. h3 Ng6 12. Bf1 Nd7 13. g3 exd5 14. exd5 f5 15. Qc2 Nde5
16. Nxe5 Nxe5 17. Kh1 f4 18. g4 h5 19. gxh5 Bf5 20. Ne4 Nf3 21. Re2 Nd4 22. Qd3
Qd7 23. Rae1 Nxe2 24. Rxe2 Rae8 25. Bg2 g4 26. hxg4 Bxg4 27. Bf3 Re5 28. Bc3
Rxh5+ 29. Kg1 Rh3 30. Ng5 Bxf3 31. Nxf3 Qg4+ 0-1

[Event "Titled Tue 10th Jun Early"]
[Site "chess.com INT"]
[Date "2025.06.10"]
[Round "2"]
[White "Rahman, Masruri"]
[Black "Berikkyzy Alanna"]
[Result "1-0"]
[WhiteTitle "FM"]
[BlackTitle "WFM"]
[WhiteElo "2407"]
[BlackElo "2080"]
[WhiteFideId "7101163"]
[BlackFideId "13780719"]
[EventDate "2025.06.10"]

1. d4 Nf6 2. Bf4 c5 3. e3 Qb6 4. b3 cxd4 5. exd4 d6 6. Nf3 g6 7. Be2 Bg7 8. O-O
O-O 9. h3 Nbd7 10. Bh2 Re8 11. Re1 e5 12. dxe5 dxe5 13. Nbd2 e4 14. Nc4 Qc6 15.
Nd4 Qd5 16. Nd6 Re7 17. Bc4 Qc5 18. Nxf7 Rxf7 19. Ne6 Qe7 20. Bd6 Qe8 21. Nc7
Qd8 22. Nxa8 Ne8 23. Bxf7+ Kxf7 24. Qd5+ Kf6 25. Rxe4 Nb6 26. Be5+ 1-0

[Event "Titled Tue 10th Jun Early"]
[Site "chess.com INT"]
[Date "2025.06.10"]
[Round "2"]
[White "Goldin, Roman"]
[Black "Pavlov, Nikolay"]
[Result "0-1"]
[WhiteTitle "FM"]
[BlackTitle "FM"]
[WhiteElo "2299"]
[BlackElo "2316"]
[WhiteFideId "2803860"]
[BlackFideId "24141470"]
[EventDate "2025.06.10"]

1. Nf3 Nf6 2. d4 b6 3. c4 Bb7 4. Nc3 e6 5. g3 Bb4 6. Bg2 Bxc3+ 7. bxc3 O-O 8.
O-O Be4 9. Nd2 Bxg2 10. Kxg2 Nc6 11. e4 d6 12. f4 Na5 13. Qe2 c5 14. d5 Re8 15.
Qd3 Qd7 16. Re1 Qa4 17. dxe6 Rxe6 18. f5 Re7 19. Qxd6 Rae8 20. e5 Rd7 21. exf6
Rxd6 0-1

[Event "Titled Tue 10th Jun Early"]
[Site "chess.com INT"]
[Date "2025.06.10"]
[Round "2"]
[White "Nakonechnyi, Oleksii"]
[Black "Sanguinetti, Luis"]
[Result "1-0"]
[WhiteTitle "CM"]
[WhiteElo "2222"]
[BlackElo "2178"]
[WhiteFideId "34173714"]
[BlackFideId "3002608"]
[EventDate "2025.06.10"]

1. e4 c6 2. d4 d5 3. Nd2 dxe4 4. Nxe4 Nf6 5. Ng3 Nbd7 6. Nf3 e6 7. Bd3 Qc7 8.
O-O Bd6 9. c3 h6 10. Re1 b6 11. Qe2 Bb7 12. Ne5 c5 13. Bf4 O-O 14. Nh5 Nxh5 15.
Qxh5 Nf6 16. Qh4 cxd4 17. cxd4 Rfd8 18. Bxh6 gxh6 19. Qxh6 Bf8 20. Qxf6 Bg7 21.
Qh4 Rd6 22. Rac1 Qd8 23. Qh7+ 1-0